Debates actuales del derecho y la gestin̤ ambiental

Bibliographic Details
Main Author: Rodrg̕uez, Gloria Amparo
Other Authors: Muǫz ℓvila, Lina Marcela
Format: eBook
Language:Spanish
Published: Bogot:̀ Universidad del Rosario, 2021
Subjects:
Online Access:Acceso restringido

MARC

LEADER 00000nam a22000007a 4500
005 20220211204140.0
007 cr|||| ||||
008 220211s2021 co |||||s|||| 00||0 spa d
020 |a 978-958-784-690-4 
035 |a 35899 
040 |a vLex 
090 |c 12956  |d 12956 
100 1 |a Rodrg̕uez, Gloria Amparo 
245 1 0 |a Debates actuales del derecho y la gestin̤ ambiental  |h [Recurso electrn̤ico] /  |c Gloria Amparo Rodrg̕uez, Lina Marcela Muǫz ℓvila 
256 |a Servicio en ln̕ea 
260 |a Bogot:̀  |b Universidad del Rosario,  |c 2021 
300 |a 1 recurso electrn̤ico 
506 1 |a Disponible solo en los productos indicados  |d vLex Global  |d vLex Global (Academic Edition, excluding Law Schools)  |d vLex Global (U.S. Academic Edition, Law Schools)  |d vLex Global (U.S. Academic Edition, excluding Law Schools)  |d vLex Global (Academic Edition, Law Schools) 
650 0 4 |a Medio Ambiente  |z Colombia 
700 1 |a Muǫz ℓvila, Lina Marcela 
740 0 |a vLex Libros (Servicio en ln̕ea) 
856 4 0 |u https://app.vlex.com/#/sources/35899  |z Acceso restringido 
942 |c BOOK 
999 0 |a Environment